Linear Algebra And its Applications (Record no. 562117)

000 -LEADER
fixed length control field 00342nam a2200121Ia 4500
008 - FIXED-LENGTH DATA ELEMENTS--GENERAL INFORMATION
fixed length control field 210430s9999 xx 000 0 und d
082 ## - DEWEY DECIMAL CLASSIFICATION NUMBER
Classification number 512.5L426 L
100 ## - MAIN ENTRY--PERSONAL NAME
Personal name David C.Lay
9 (RLIN) 25670
245 ## - TITLE STATEMENT
Title Linear Algebra And its Applications
Statement of responsibility, etc. David C.Lay
260 ## - PUBLICATION, DISTRIBUTION, ETC.
Place of publication, distribution, etc. University of Maryland
Name of publisher, distributor, etc. David C.Lay
Date of publication, distribution, etc. 2000
300 ## - PHYSICAL DESCRIPTION
Extent 1112p
942 ## - ADDED ENTRY ELEMENTS (KOHA)
Koha item type Book
Source of classification or shelving scheme
Holdings
Withdrawn status Lost status Damaged status Not for loan Collection code Permanent Location Current Location Shelving location Date acquired Total Checkouts Total Renewals Full call number Barcode Checked out Date last seen Date last checked out Price effective from Koha item type
          School of Chemical & Materials Engineering (SCME) School of Chemical & Materials Engineering (SCME) General Stacks   5 8 512.5L426 L SCME-978 11/21/2025 02/28/2024 02/28/2024 04/30/2021 Book
© 2023 Central Library, National University of Sciences and Technology. All Rights Reserved.